000 004170000a22001810004500
003 MACL
005 20160129161923.0
008 160129b xxu||||| |||| 00| 0 eng d
040 _aMACL
_cMACL
041 _aEnglish
082 _a823/GEL
100 _aEndo, Shusaku
_935645
245 _aDeep River
260 _bRupa Co
_c1994
_aCalcutta
350 _a195
650 _aFiction
_935646
942 _cBK
_k823/GES
_2ddc
999 _c31107
_d31107